000 00881nam a22002537a 4500
003 URS
005 20240418211730.0
008 231003t2023 |||||||| |||| 00| 0 eng d
020 _a9781647403386
040 _cURS
_erda
050 1 4 _aSF 487.7 .P8712 2023
100 1 _aPowell, Edith
245 1 0 _aPoultry science /
_cEdith Powell.
264 1 _aNew York:
_bSyrawood Publishing House,
_c[2023]
264 4 _c©2023
300 _aviii, 236 pages :
_billustrations (some coloured) ;
_c26 cm
336 _2rdacontent
_atext
337 _2rdamedia
_aunmediated
338 _2rdacarrier
_avolume
504 _aIncludes bibliographical references.
505 _aChapter 1: Introduction -- Chapter 2: Types of poultry -- Chapter 3: Poultry farming -- Chapter 4: Poultry management -- Chapter 5: Poultry diseases and their management.
650 0 _aPoultry
942 _2lcc
_cFR
999 _c78122
_d78121